000 00596nam a2200229Ia 4500
003 OSt
005 20220918215727.0
006 a|||||r|||| 00| 0
007 ta
008 220917b |||||||| |||| 00| 0 eng d
024 _a142,329
037 _cTextual
040 _aARTS
_cARTS
_beng
041 _2eng
_aeng
082 _aY111.2z7, G7
100 _aManshardt Clifford Ed
_948015
245 0 _aChild in India
_b A symposium
260 _aNA
_bNA
_c1937
650 _aSOCIOLOGY
942 _hY111.2z7, G7
_cTEXL
_2CC
999 _c265288
_d265288